La resistencia intelectual en Europa

Na minha lista:
Detalhes bibliográficos
Autor principal: Wilkinson, James D (Author)
Formato: Livro
Idioma:espanhol
Publicado em: Ciudad de México Fondo de Cultura Económica 1989
Assuntos:
Tags: Adicionar Tag
Sem tags, seja o primeiro a adicionar uma tag!

MARC

LEADER 00000nam a2200000 a 4500
001 UCX6496
003 CL-VaPUC
008 930624e19890000MX |||||||||||||||||spa|d
082 0 4 |a 940.548  |b WIL  |2 21 
100 0 |a Wilkinson, James D  |e author  |9 322991 
245 1 3 |a La resistencia intelectual en Europa 
300 |a 308 p 
942 |c BK 
945 |d 19930624 00:00:00 
260 |a Ciudad de México  |b Fondo de Cultura Económica  |c 1989 
650 7 |a GUERRA MUNDIAL II 1939-1945 ACTIVIDADES CLANDESTINAS  |2 CL-VaPUC  |9 322992 
650 0 |a Intelectuales  |9 262027 
650 0 |a Vida intelectual  |y Siglo 20  |9 322993 
651 0 |a Europa  |9 255156 
583 |a last modification  |c 19930624 00:00:00  |k Rodrigo Vera 
999 |c 226503  |d 226501 
952 |0 0  |1 0  |4 0  |6 940_548000000000000_WIL_1989  |7 0  |8 A  |9 224925  |a BIBHIS  |b BIBHIS  |d 2019-11-15  |i 2936488  |o 940.548 WIL 1989  |p 2936488  |r 2025-01-20  |w 2019-11-15  |y BK  |k HIS